00458 a2200157 4500001000700000040003500007100002200042240003500064245003000099300000800129362000900137697002100146942000700167952010700174999001900281155099 cEscola São Tomás de Aquino aANDERSON, Neil J.10aActive skills for readinglpor10aActive skills for reading a1700 a2002 aLíngua inglesa cBK 00104070a12.22b12.22d2024-04-30l0o420 AND ACTpEST00009180r2024-04-30 22:12:33w2024-04-30yBK c155099d155099